00490nam a22001697a 450000500170000001000150001702000260003203500140005803700090007208200080008110000140008924500250010325000060012826000590013427001070019330000200030020260702122344.0 aENG-148969 a9788181500946c530.00 aEN-132501 bDBAD a954 aRoy, P.K. aThe Gaddi/cP.K. Roy a1 aNew DelhibAravali Books International Pvt. Ltd.c2010 aW-30, Okhla Industrial Area, Phase II bNew Delhie110020k26388830-32maravaliprinters@rediffmail.com a77p.c24cm (hb)